00649nam a2200241 a 4500001001300000003000900013005001700022008004100039020000800080082001300088100001800101245002500119260003100144300000900175500003500184505002200219650002700241700001800268902000800286942000700294952009100301999001500392nice12345678IN_TiNIC20260116011522.0050524s1927 newa grp 000 0 eng  ac000a956bLAW aLawrence, T E aRevolt in the Desert aNew YorkbDoubleday c1927 a335p aincludes index and biblioraphy2 aIndex, Sketch Map aArab Countries-History1 aLawrence, T E bSRS cBK 00104070aHMIbHMId2005-05-24g0.00l0o956 LAWp1027r2005-05-24w2026-01-16yARB c2253d2253